Administrative law and discursive democracy: Toward a comparative perspective (Record no. 96629)

000 -LEADER
fixed length control field 00985pab a2200193 454500
008 - FIXED-LENGTH DATA ELEMENTS--GENERAL INFORMATION
fixed length control field 180718b2011 xxu||||| |||| 00| 0 eng d
100 ## - MAIN ENTRY--PERSONAL NAME
Personal name Babera, Walter F.
245 ## - TITLE STATEMENT
Title Administrative law and discursive democracy: Toward a comparative perspective
260 ## - PUBLICATION, DISTRIBUTION, ETC.
Date of publication, distribution, etc. 2011
300 ## - PHYSICAL DESCRIPTION
Extent p.97-103.
362 ## - DATES OF PUBLICATION AND/OR SEQUENTIAL DESIGNATION
Dates of publication and/or sequential designation Jan
520 ## - SUMMARY, ETC.
Summary, etc. This article argues that the recent history of the development of administrative law reveals the need for new mechanisms of legitimation. As administrative law seeks new ways to address its "democratic deficit," there is an opportunity to adapt techniques of discursive democracy to the creation of regulatory policy within bureaucratic agencies. The dynamics of this process are discussed in both the U. S. and Italian administrative contexts. - Reproduced.
650 ## - SUBJECT ADDED ENTRY--TOPICAL TERM
Topical term or geographic name entry element Rule making
650 ## - SUBJECT ADDED ENTRY--TOPICAL TERM
Topical term or geographic name entry element Administrative discretion
650 ## - SUBJECT ADDED ENTRY--TOPICAL TERM
Topical term or geographic name entry element Administrative law
773 ## - HOST ITEM ENTRY
Main entry heading International Journal of Public Administration
908 ## - PUT COMMAND PARAMETER (RLIN)
Put command parameter N
909 ## -
-- 96629
Holdings
Withdrawn status Lost status Damaged status Not for loan Permanent Location Current Location Date acquired Serial Enumeration / chronology Barcode Date last seen Price effective from Koha item type
        Indian Institute of Public Administration Indian Institute of Public Administration 2018-07-19 Volume no: 34, Issue no: 1-2 AR97089 2018-07-19 2018-07-19 Articles

Powered by Koha